00830nam a2200205Ia 4500001001000000003000500010008004100015010001100056040000900067100002800076245022600104260003400330300001000364502010600374650002400480650002400504650002000528650002600548710005000574Para_9060CHAP220125s2005 xx 000 0 und d a207837 cCHAP1 aCiprián Niño, Fredy aInteracción entre el ácaro (Rizoglyphus robustus Nesbitt) y los hongos (Fusarium solani y F. oxysporum) asociados a los bulbos del coquillo (Cyperus esculentus L.), en Chapingo, México /c por Fredy Ciprián Niño aChapingo, Méx. :b el autor a30 h. aTesis (Ing. Agr. Esp. en Parasitología Agrícola) -- UACh. Departamento Parasitología Agrícola aCyperus esculentus  aFusarium oxysporum  aFusarium solani aRizoglyphus robustus  aUACh. Departamento Parasitología Agrícola